| 000 | 01423nmm a2200301 a 4500 | ||
|---|---|---|---|
| 001 | 0000021072 | ||
| 003 | CO-CtgCURN | ||
| 005 | 20250429224117.0 | ||
| 007 | co cga---uuuuu | ||
| 008 | 160627s2005 i eng d | ||
| 020 | _a9586907627 | ||
| 040 |
_aCO-CtgCURN _bspa _ccoctgcurn |
||
| 082 | 0 |
_a350.87 _bG84e |
|
| 100 | 1 | _aGuillen Jaramillo, Gustavo. | |
| 245 | 1 | 0 |
_aEstatuto de servidores publicos domiciliarios _h[electronic resource] : _banotado / _cGustavo Guillen Jaramillo. |
| 250 | _a8a ed. | ||
| 260 |
_aBogotá : _bLeyer, _c2005. |
||
| 300 | _a605 p. + 1 Cd - Rom. | ||
| 336 | _2rdacontent | ||
| 337 |
_2rdamedia _asin mediacion _bn |
||
| 338 |
_2rdacarrier _avolumen _bnc |
||
| 505 | 8 | _aDe las personas prestadoras de servicios publicos.--Regimen de actos y contratos de las empresas.--Regimen laboral.--otras disposiciones.--Regulacion, control y vigilancia del estado en los servicios publicos.--El regimen tarifario de las empresas de servicios publicos.--Organizacion y procedimientos administrativos.--El contrato de servicios publicos.--Normas especials para algnos servicios.--Regimen de transicion y otras disposiciones | |
| 650 | 0 |
_aServicios publicos _vLegislacion _zColombia. |
|
| 908 | _a160627 | ||
| 942 |
_cBK _h350.87 _iG84e _2ddc |
||
| 999 |
_c39295 _d39295 |
||